Malta First Level Subdivisions - Statistics

General Stats
  • This quiz has been taken 183 times
  • The average score is 4 of 5
Answer Stats
Reġjuni % Correct
Gozo
89%
Northern
77%
Southern
76%
Central
71%
South Eastern
53%
No matching quizzes found
Score Distribution
Percent of People with Each Score
Percentile by Number Answered
Your Score History
You have not taken this quiz